|
|
|
|
| LEADER |
00000nab#a22000007a#4500 |
| 001 |
arbauad004332 |
| 003 |
AR-BaUAD |
| 005 |
20250711110630.0 |
| 008 |
940512|||||||||###||||||b###|0###a|spa|| |
| 040 |
|
|
|a AR-BaUAD
|c AR-BaUAD
|b spa
|
| 100 |
|
|
|a Schön, Dorothee
|
| 245 |
|
|
|a Mi hoja candente de papel /
|c Dorothee Schön;
|
| 300 |
0 |
|
|b fot.
|
| 500 |
|
|
|a Guión utilizado en el largometraje Ojos azules de Reinhard Hauff.
|
| 653 |
|
|
|a CINE
|
| 653 |
|
|
|a ESCUELAS DE CINE
|
| 653 |
|
|
|a ALEMANIA
|
| 653 |
|
|
|a GUION
|
| 773 |
0 |
|
|t Humboldt
|g año 32, no. 103 [1991], p. 24-27
|
| 942 |
|
|
|c ARTI
|
| 952 |
|
|
|0 0
|1 0
|4 0
|7 0
|9 49252
|a AR-BAuAD
|b AR-BAuAD
|d 2025-07-11
|l 0
|p AAQA004332
|r 2025-07-11 11:06:30
|w 2025-07-11
|y ARTI
|
| 990 |
|
|
|a C199
|b TD
|
| 998 |
|
|
|a AAQ
|b BIBUN76
|
| 999 |
|
|
|c 28925
|d 28925
|